000 00470nam a2200181Ia 4500
005 20250423101718.0
008 250422s9999 xx 000 0 und d
020 _a9781405155069
050 _aGN 281 .W535/
100 _aEdited by Bernard Wood
245 0 _aWiley blackwell student dictionary of human evolution
260 _aNew Jersey
260 _bJohn Wiley & Sons
260 _c2015
300 _a462 p
650 _a Human evolution.
942 _cBK
999 _c37056
_d37056